Design a healthy home : (Record no. 33714)
[ view plain ]
| 000 -LEADER | |
|---|---|
| fixed length control field | 03275cam a2200505 i 4500 |
| 001 - CONTROL NUMBER | |
| control field | 22325733 |
| 003 - CONTROL NUMBER IDENTIFIER | |
| control field | JO-AjAnu |
| 005 - DATE AND TIME OF LATEST TRANSACTION | |
| control field | 20241016094646.0 |
| 008 - FIXED-LENGTH DATA ELEMENTS--GENERAL INFORMATION | |
| fixed length control field | 211130t20212021nyua e b 000 0 eng d |
| 010 ## - LIBRARY OF CONGRESS CONTROL NUMBER | |
| LC control number | 2021427114 |
| 015 ## - NATIONAL BIBLIOGRAPHY NUMBER | |
| National bibliography number | GBC132085 |
| Source | bnb |
| 016 7# - NATIONAL BIBLIOGRAPHIC AGENCY CONTROL NUMBER | |
| Record control number | 020119579 |
| Source | Uk |
| 020 ## - INTERNATIONAL STANDARD BOOK NUMBER | |
| International Standard Book Number | 9780744038033 |
| Qualifying information | (hardcover) |
| 020 ## - INTERNATIONAL STANDARD BOOK NUMBER | |
| International Standard Book Number | 0241500923 |
| Qualifying information | (hardcover) |
| 020 ## - INTERNATIONAL STANDARD BOOK NUMBER | |
| Canceled/invalid ISBN | 9780241532904 |
| Qualifying information | (ePub ebook) |
| 020 ## - INTERNATIONAL STANDARD BOOK NUMBER | |
| Canceled/invalid ISBN | 9780241532911 |
| Qualifying information | (PDF ebook) |
| 035 ## - SYSTEM CONTROL NUMBER | |
| System control number | (OCoLC)on1242810209 |
| 040 ## - CATALOGING SOURCE | |
| Original cataloging agency | UKMGB |
| Language of cataloging | eng |
| Transcribing agency | UKMGB |
| Description conventions | rda |
| Modifying agency | OCLCO |
| -- | OCLCF |
| -- | TOH |
| -- | YDX |
| -- | BDX |
| -- | WIQ |
| -- | NZAUC |
| -- | ON8 |
| -- | JAS |
| -- | GO3 |
| -- | OCLCO |
| -- | JTH |
| -- | OCLCO |
| -- | DLC |
| -- | JO-AjAnu |
| 042 ## - AUTHENTICATION CODE | |
| Authentication code | lccopycat |
| 050 00 - LIBRARY OF CONGRESS CALL NUMBER | |
| Classification number | NK2113 |
| Item number | .H42 2021 |
| 082 04 - DEWEY DECIMAL CLASSIFICATION NUMBER | |
| Classification number | 747 |
| Edition number | 23 |
| 100 1# - MAIN ENTRY--PERSONAL NAME | |
| Personal name | Heath, Oliver, |
| Relator term | author. |
| 245 10 - TITLE STATEMENT | |
| Title | Design a healthy home : |
| Remainder of title | 100 ways to transform your space for physical and mental wellbeing / |
| Statement of responsibility, etc. | Oliver Heath with Victoria Jackson, Eden Goode and Jo Baston. |
| 250 ## - EDITION STATEMENT | |
| Edition statement | First American edition. |
| 264 #1 - PRODUCTION, PUBLICATION, DISTRIBUTION, MANUFACTURE, AND COPYRIGHT NOTICE | |
| Place of production, publication, distribution, manufacture | New York, NY : |
| Name of producer, publisher, distributor, manufacturer | DK Publishing, |
| Date of production, publication, distribution, manufacture, or copyright notice | 2021. |
| 300 ## - PHYSICAL DESCRIPTION | |
| Extent | 192 pages : |
| Other physical details | color illustrations ; |
| Dimensions | 23 cm |
| 336 ## - CONTENT TYPE | |
| Content type term | text |
| Source | rdacontent |
| 336 ## - CONTENT TYPE | |
| Content type term | still image |
| Source | rdacontent |
| 337 ## - MEDIA TYPE | |
| Media type term | unmediated |
| Source | rdamedia |
| 338 ## - CARRIER TYPE | |
| Carrier type term | volume |
| Source | rdacarrier |
| 504 ## - BIBLIOGRAPHY, ETC. NOTE | |
| Bibliography, etc. note | Includes bibliographical references (page 191). |
| 505 0# - FORMATTED CONTENTS NOTE | |
| Formatted contents note | A biophilic design approach -- Color, pattern & texture -- Activities -- Connectedness -- Light -- Sleep -- Sound -- Water -- Warmth -- Air -- Planting. |
| 520 ## - SUMMARY, ETC. | |
| Summary, etc. | "Simple, practical advice on how to design your home for health and happiness. With indoor air pollution now worse than ever, and more of us spending more time in our own homes, discover how to create calm, social and comfortable spaces by making small changes to every room. Design a Healthy Home breaks down the complex subject of sustainable, biophilic design into specific subjects, including lighting, air quality, acoustics, temperature, colour, pattern, texture and plants. 100 tried and tested research-based ideas support our health and wellbeing in even the smallest of spaces. Optimise lighting in your home by using reflective surfaces for a brighter space; follow a ventilation checklist to replenish the air in your home and remove pollutants; or unlock the powers of a tech-free bedroom for a better night's sleep. Leading sustainability architect Oliver Heath has devised each practical solution with implementation in mind so that regardless of your budget (or if you have any money to spend at all), if you rent or own your property, Design a Healthy Home contains creative ideas that are easy to understand, and solutions that are stylish, fun and affordable to implement"-- |
| Assigning source | Publisher's description. |
| 650 #0 - SUBJECT ADDED ENTRY--TOPICAL TERM | |
| Topical term or geographic name entry element | Interior decoration. |
| 650 #0 - SUBJECT ADDED ENTRY--TOPICAL TERM | |
| Topical term or geographic name entry element | Sustainable design. |
| 650 #7 - SUBJECT ADDED ENTRY--TOPICAL TERM | |
| Topical term or geographic name entry element | Interior decoration. |
| Source of heading or term | fast |
| Authority record control number or standard number | (OCoLC)fst00976327 |
| 650 #7 - SUBJECT ADDED ENTRY--TOPICAL TERM | |
| Topical term or geographic name entry element | Sustainable design. |
| Source of heading or term | fast |
| Authority record control number or standard number | (OCoLC)fst01742533 |
| 700 1# - ADDED ENTRY--PERSONAL NAME | |
| Personal name | Jackson, Victoria |
| Titles and other words associated with a name | (Sustainable designer), |
| Relator term | author. |
| 700 1# - ADDED ENTRY--PERSONAL NAME | |
| Personal name | Goode, Eden, |
| Relator term | author. |
| 700 1# - ADDED ENTRY--PERSONAL NAME | |
| Personal name | Baston, Jo, |
| Relator term | author. |
| 776 08 - ADDITIONAL PHYSICAL FORM ENTRY | |
| Relationship information | ebook version : |
| International Standard Book Number | 9780241532904 |
| 906 ## - LOCAL DATA ELEMENT F, LDF (RLIN) | |
| a | 7 |
| b | cbc |
| c | copycat |
| d | 2 |
| e | ncip |
| f | 20 |
| g | y-gencatlg |
| 942 ## - ADDED ENTRY ELEMENTS (KOHA) | |
| Source of classification or shelving scheme | Library of Congress Classification |
| Koha item type | Books |
| Suppress in OPAC | No |
| Withdrawn status | Lost status | Source of classification or shelving scheme | Damaged status | Not for loan | Home library | Current library | Date acquired | Total Checkouts | Full call number | Barcode | Date last seen | Price effective from | Koha item type |
|---|---|---|---|---|---|---|---|---|---|---|---|---|---|
| Library of Congress Classification | مكتبة جامعة عجلون الوطنية | مكتبة جامعة عجلون الوطنية | 16/10/2024 | NK2113.H42 2021 | e3929 | 16/10/2024 | 16/10/2024 | Books |